LEADER 02087nam0 22004213i 450 001 SBL0439280 005 20251003044354.0 020 $aIT$b735701 100 $a19950127d1972 ||||0itac50 ba 101 | $aita 102 $ait 181 1$6z01$ai $bxxxe 182 1$6z01$an 183 1$6z01$anc$2RDAcarrier 200 1 $aˆGli ‰studi di relazioni industriali in Italia$fa cura di Gloria Pirzio Ammassari$gintroduzione di Gino Giugni 210 $aMilano$cEdizioni di Comunità$d1972 215 $a245 p.$d18 cm 225 | $aCultura e realtà$v82$i. Rapporti sulle scienze sociali$v2 300 $aResoconto del dibattito organizzato dall'Associazione italiana per lo studio delle relazioni industriali, tenuto a Roma nel 1970 300 $aIn testa al front.: Comitato per le scienze politiche e sociali 410 0$1001SBL0560154$12001 $aCultura e realtà$i. Rapporti sulle scienze sociali$v2 606 $aRelazioni industriali$xStudi italiani$x1945-1971$2FIR$3SBLC082239$9I 676 $a331$9ECONOMIA DEL LAVORO$v21 676 $a331$9ECONOMIA DEL LAVORO$v23 676 $a331.0945$9ECONOMIA DEL LAVORO. Italia$v21 702 1$aGiugni$b, Gino$3CFIV015129$4070 702 1$aPirzio Ammassari$b, Gloria$3LO1V000255$4070 790 1$aGiugni$b, Luigi$3SBNV013275$zGiugni, Gino 790 1$aPirzio$b, Gloria$3LO1V031295$zPirzio Ammassari, Gloria 790 1$aAmmassari$b, Gloria$3LO1V031296$zPirzio Ammassari, Gloria 801 3$aIT$bIT-000000$c19950127 850 $aIT-BN0095 901 $bNAP 01$cPOZZO LIB.$nVi sono collocati fondi di economia, periodici di ingegneria e scienze, periodici di economia e statistica e altri fondi comprendenti documenti di economia pervenuti in dono. 912 $aSBL0439280 950 0$aBiblioteca Centralizzata di Ateneo$c1 v.$d 01POZZO LIB.F. SANTI 415$e 0101 0060032775E VMA 1 v. (Precedente collocazione S 418)$fB $h20221111$i20221111 977 $a 01 996 $aStudi di relazioni industriali in Italia$9454212 997 $aUNISANNIO